The certified manager of quality/organizational excellence handbook / (Record no. 347888)

000 -LEADER
fixed length control field 02210 a2200193 4500
020 ## - INTERNATIONAL STANDARD BOOK NUMBER
International Standard Book Number 0873896785 (hardcover)
020 ## - INTERNATIONAL STANDARD BOOK NUMBER
International Standard Book Number 9780873896788 (hardcover)
082 04 - DEWEY DECIMAL CLASSIFICATION NUMBER
Classification number 658.4013
090 ## - LOCALLY ASSIGNED LC-TYPE CALL NUMBER (OCLC); LOCAL CALL NUMBER (RLIN)
-- 5481
-- 5481
100 ## - MAIN ENTRY--PERSONAL NAME
Personal name Westcott, Russell T.
245 14 - TITLE STATEMENT
Title The certified manager of quality/organizational excellence handbook /
Statement of responsibility, etc. Russell T. Westcott.
250 ## - EDITION STATEMENT
Edition statement 3rd ed.
260 ## - PUBLICATION, DISTRIBUTION, ETC.
Place of publication, distribution, etc. [S.l.] :
Name of publisher, distributor, etc. ASQ Quality Press,
Date of publication, distribution, etc. 2005.
300 ## - PHYSICAL DESCRIPTION
Extent 672 p. ;
Dimensions 26 cm.
520 ## - SUMMARY, ETC.
Summary, etc. The title of the ASQ certification changed to Certified Manager of Quality/Organizational Excellence to reflect the fact that the role of the quality function is continually evolving. Many of the responsibilities for the management of quality are being deployed throughout the organization into other functions. This now requires a much more comprehensive understanding of an organization as a system within the larger system of society. The range of tools and technologies that quality professionals are required to use and/or facilitate is also increasing. The ability to read, interpret, and use financial tools, as well as use the language of cost/profitability when talking to senior management, is more important than ever for quality professionals. In addition to being a peerless reference on quality management, The Certified Manager of Quality/Organizational Excellence Handbook is the most comprehensive preparatory guide for the Certified Manager of Quality/Organizational Excellence Exam. The handbook is completely updated to reflect the changes in the 2006 Body of Knowledge (BoK), and the pertinent BoK requirements associated with good quality management practices are shown throughout each section. These BoK requirements represent the range of content and the cognitive level to which multiple choice questions can be presented. Included in appendices are the newly updated Body of Knowledge, an extensive glossary of terms, a list of additional references for further study, and (on an accompanying CD-ROM) sample questions similar to those on the actual exam.
700 1# - ADDED ENTRY--PERSONAL NAME
Personal name Westcott, Russell T.
856 40 - ELECTRONIC LOCATION AND ACCESS
Materials specified Amazon.com
Uniform Resource Identifier <a href="http://www.amazon.com/exec/obidos/ASIN/0873896785/chopaconline-20">http://www.amazon.com/exec/obidos/ASIN/0873896785/chopaconline-20</a>
942 ## - ADDED ENTRY ELEMENTS (KOHA)
Institution code [OBSOLETE] NBS
Koha item type Book
Call number prefix 658.4013 WES
Holdings
Withdrawn status Lost status Damaged status Not for loan Permanent Location Current Location Date acquired Total Checkouts Full call number Barcode Date last seen Price effective from Koha item type
        Central Library (CL) Central Library (CL) 08/28/2013   658.4013 WES NBS6982 08/28/2013 08/28/2013 Book
© 2023 Central Library, National University of Sciences and Technology. All Rights Reserved.